000 00399nam a2200133Ia 4500
008 231129s2002||||xx |||||||||||||| ||spa||
020 _a958-28-1320-2
040 _bspa
082 _a616.0252 G943g
245 0 _aGuí­a práctica de prevención y primeros auxilios
260 _c2002
264 _aBogotá Colombia: Cí­rculo de Lectores
942 _2ddc
_cBKS
999 _c14808
_d14808